• 首页
  • 本馆介绍
  • 公告通知
  • 最新文献
  • 馆藏检索
  • 电子资源
  • 读者导购
  • 参考咨询
  • 我的图书馆
  • 登录
  • 详细信息显示
  • 放入我的书架
  • 预约/预借图书
  • 作者相关作品
  • 分类相关作品
  • 丛书相关作品
  • 出版社相关作品

书目信息

  • 表格格式
  • 工作单格式
  • 卡片格式
题名:
原子武器防护知识
    
 
作者: 刘云波 编著
分册:  
出版信息: 北京   原子能出版社  1979
页数: 170页
开本: 19cm
丛书名:
单 册:
中图分类: E928
科图分类:
主题词: 防原子--基本知识
电子资源:
ISBN:
000 00573nam0 2200217 45
001 0179005320
005 20060731081653.29
010    @dCNY0.60
091    @aCN@b15175.165
100    @a19950714d1979 em y0chiy0121 ea
101 0  @achi
102    @aCN@b110000
105    @ay z 000yy
200 10 @a原子武器防护知识@Ayuan zi wu qi fang hu zhi shi@f刘云波编著
210    @a北京@c原子能出版社@d1979
215    @a170页@d19cm
606    @a防原子@x基本知识
690    @aE928@v3
701  0 @a刘云波@Aliu yun bo@4编著
801  0 @aCN@bTSSF@c20060731
905    @a10447@dE928@e13
    
    原子武器防护知识/刘云波编著.-北京:原子能出版社,1979
    170页;19cm
    
    
    ISBN :CNY0.60
    
●
相关链接 在E读中查询图书 在五车中查询图书 在当当中查询图书 在豆瓣中查询图书


正题名:原子武器防护知识     索取号:E928/13         预约/预借

序号 登录号 条形码 馆藏地/架位号 状态 备注
1 0440645   204406455   密集书库/ [索取号:E928/13] 在馆    
唐山师范学院图书馆 欢迎您!
大连网信软件有限公司© 版权所有